| 000 | 01214 a2200217 4500 | ||
|---|---|---|---|
| 005 | 20080827111132.0 | ||
| 008 | 080827t xxu||||| |||| 00| 0 hin d | ||
| 010 | _aHIN-83234 | ||
| 020 |
_a9788183611497 _c250.00 |
||
| 035 | _aHN-55580 | ||
| 037 | _bपु.प्र.अ.प्र/प्रका | ||
| 082 | _a792.022 | ||
| 245 |
_aरंग-प्रक्रिया के विविध आयाम / _cप्रेम सिंह एवं सुषमा आर्य द्वारा संपादित |
||
| 246 |
_aRang-Prakriya ke Vividh Aayam _bEd by Prem Singh, Sushma Arya |
||
| 260 |
_aनई दिल्ली _bराधाकृष्ण प्रकाशन _c2007 |
||
| 270 |
_a7/31, अंसारी रोड, दरियागंज _bनई दिल्ली _e110002 |
||
| 300 |
_a204पृ _c22 सेमी (सजिल्द) |
||
| 700 | _aआर्य, सुषमा | ||
| 942 |
_cHN _k792.022 / रंगप्र _adpl _2ddc _h792.022 _m रंगप्र |
||
| 999 |
_c11937 _d11937 |
||